| 000 | 00603nam a2200205Ia 4500 | ||
|---|---|---|---|
| 003 | OSt | ||
| 005 | 20220406085949.0 | ||
| 008 | 151021s9999 xx 000 0 und d | ||
| 020 | _a73346918 | ||
| 040 |
_aMMU _beng _cMMU _dMMU |
||
| 050 | _aHF 1017 .D553 2008 | ||
| 245 |
_aEssential statistics in business and economics / _c Doane David P. |
||
| 260 |
_aBoston : _bMcGraw Hill , _c2008. |
||
| 300 | _axvi, 590 p. : | ||
| 500 | _aIncludes index | ||
| 500 | _aIncludes index | ||
| 650 | _a_statistics in business and economics | ||
| 942 |
_2lcc _cLOAN LOAN |
||
| 980 | _a^d20130506 01:54:02^oanne | ||
| 999 |
_c18124 _d18124 |
||